Регионална библиотека "Любен Каравелов" - Русе

Двадесет години по избрания верен път (Запис номер 447292)

MARC детайли
000 -Лидер
Контролно поле с фиксирана дължина 01312nam a2200241 a 4500
003 - Код на организацията, давaща контролен номер
Контролно поле BLK
005 - Дата и час на последна редакция
Контролно поле 20230727123820.0
008 - Елементи от данни с фиксирана дължина
fixed length control field 220302b bu |||||r|||| 00| | bu d
040 ## - Източник на каталожния запис
Идентификатор на билиотеката - собственик на записа BLK
041 ## - Код за език
Код за езика на текст/звукозапис или на отделно заглавие Български
Код за езика КДБФ Български
080 ## - УДК
Текстов определител УДК Селскостопански предприятия според формата на земевладение, според правото на собственост, според методите на управлението - частни стопанства,колективни,колхози,совхози,държавни колективни стопанства
УДК код - определител по УДК 631.115
УДК определител (497.215)(062)
УДК - код + определител 631.115(497.215)(062)
100 ## - Редна дума - Автор
R(LIN) 330494
Автор Ботев, Пеньо
Авторска отговорност първи автор
139 ## - Редно поле
Редна дума Ботев, Пеньо
Авторски знак Бот - Б 69
245 ## - Сведения за заглавието
Заглавие Двадесет години по избрания верен път
Подзаглавни данни По случай 20 - годишния юбилей на ТКЗС "Георги Димитров" с. Ново село , Русенско
Редно поле (дума) Пеньо Ботев
Физически носител (вид на носителя) [Малотир. изд.]
260 ## - Област на издателските данни
9 (RLIN) 441842
Място на издаване, разпространение и проч. Русе
Година на издаване 1965
300 ## - Физическа характеристика
Страници 52 с.
Илюстрации и др. с табл.
Размери/Мащаб 21 см
380 ## - Жанр
Жанр Селско стопанство
651 #7 - Допълнително описание по предмет - топоним
9 (RLIN) 179286
Географско понятие Ново село
653 #7 - Ключова дума – ненормативна
9 (RLIN) 198375
Ключова дума ТКЗС
852 ## - Местоположение
Фондова буква Краезнание
Систематично-азбучна сигнатура К 63/Б 69
999 ## - СИСТЕМНИ КОНТРОЛНИ НОМЕРА
Koha biblionumber 447292
Koha biblioitemnumber 447292
942 ## - АРТИКУЛИ
Вид на библиотечния материал Книги
Скрит в OPAC Не
Периодичен библиозапис Да
Koha issues (borrowed), all copies 1
944 ## - СЪЗДАВАНЕ И РЕДАКЦИЯ на ЗАПИСА
Създаване/Редакция Създаване
Дата на регистрацията/редакция 2022-03-07
Служител, извършил регистрацията/редакцията 30556
Статус, дата на статуса Теодора Пейчева-Дянкова
Наличности
Код за отписване Код за изгубен артикул Източник на класификационната схема Код за повреда Коз за рестрикции Код за отдаване Артикулен № Име на библиотеката - собственик Име на библиотеката, в която се намира в момента Статус (Текущо местоположение) Дата на вписване в системата Местоположение - отдел Цена в лева Систематично азбучна сигнатура Баркод Цена в евро Служебен тип на артикула
  Не е изгубен Universal Decimal Classification Не е повреден само за читалня ползва се в читалня 875091 Регионална библиотека "Любен Каравелов" Русе Регионална библиотека "Любен Каравелов" Русе Краезнание 2022-03-14 Краезнание 1.00 К 63/Б 49 120000868045 0.51 Книги
Vip Innovations Ltd, Rousse, Bulgaria 2025